Statistiques concernant Puzzle - Pays d'Afrique

Cliquez ici pour prendre le quiz!

Statistiques générales

  • Ce quiz a été pris 627 fois
  • Le résultat moyen est 17 sur 20

Statistiques - réponses

Country% Correct
Burundi
100%
Égypte
100%
Mali
100%
Togo
100%
Zimbabwe
100%
Djibouti
97%
Éthiopie
97%
Érythrée
96%
Madagascar
96%
Mozambique
96%
Seychelles
95%
Ghana
94%
Niger
94%
Botswana
93%
Libye
93%
Malawi
93%
Zambie
91%
Kenya
90%
Tanzanie
90%
Mauritanie
86%
Rwanda
85%
Tchad
85%
Tunisie
84%
Algérie
82%
Soudan
82%
Nigeria
81%
Sénégal
80%
Gambie
79%
Gabon
77%
Eswatini
76%
Guinée
75%
Guinée-Bissau
75%
Angola
74%
Namibie
74%
Lesotho
72%
Somalie
70%
Liberia
68%
Ouganda
64%
Cameroun
59%
Île Maurice
59%
Comores
54%

Distribution des résultats

Percentile par nombre de réponses

% des personnes avec chaque résultat

Votre développement - résultats

Vous n’avez pas pris ce quiz